000 01260nam a22002537a 4500
003 OSt
005 20210217165826.0
008 210217s2016 ck a|||gr|||| 00| 0 spa d
020 _a9789585880146
040 _aCO-JMCR
_cCO-JMCR
041 0 _aspa
082 0 4 _a658.8007 /
_bR741c
_223
100 1 _aRojas Rojas, Edilma,
_eautora
_913582
245 1 3 _aLa Contratación Pública :
_bmodelo de Inteligencia de Mercado : hacia entidades públicas ejemplares /
_cEdilma Rojas Rojas, Flor Maria Zubieta Diaz, Leonardo Rodriguez Casas [y 3 más]
260 _aBogotá :
_bUnidad de Restitución de Tierras,
_c2016
300 _a97 páginas :
_bilustraciones a color ;
_c24 cm.
500 _aIncluye notas a pie de página y glosario.
505 0 _aObjetivos -- Análisis de causas -- Planear- preparando la embarcación -- Hacer-navegando en el océano de las adquisiciones -- Verificar- en búsqueda del presupuesto oficial estimado (POE) -- Actuar- anclando en puerto -- Experiencias de la UAEGRTD
650 1 4 _aMercado
_xadquisición de bienes
_913583
650 2 4 _aAdquisición de bienes
_ventidades públicas
_xguía
_913584
700 1 _aZubieta Diaz, Flor Maria,
_eautor
_913585
700 1 _aRodriguez Casas, Leonardo,
_eautor
_913586
942 _2ddc
_cBK
999 _c7221
_d7221